000 00613nam a22002297a 4500
003 UA-OsUOA
001 48239
007 ta
008 20070831b un ||||| |||| 00| 0 ukr d
100 _aКулінська Л.П.
090 _a82,09
_bК90
942 _cBK
040 _aUA-OsUOA
_bukr
_cUA-OsUOA
_dUA-OsUOA
245 _aПоетика Лесі Українки
300 _a251 с.
955 _a2
041 _aukr
080 _a82,09
260 _aК.
_bКиївський університет
650 7 _a82 Література. Літературознавство
_2UDC
999 _c334342
_d334342